Sociálno-ekonomické aspekty deindustralizácie správa o výsledkoch riešenia projektov za rok 2017: projekty mladých učiteľov, vedeckých pracovníkov a doktorandov v dennej forme štúdia na Ekonomickej univerzite v Bratislave : rok riešenia projektu: 2017

Enregistré dans:
Détails bibliographiques
Auteur principal: Kališ, Richard, 1991-
Autres auteurs: Stracová, Erika, 1993-, Bronček, Juraj, Kubičková, Viera, 1970-, Frank, Karol
Format: Livre
Langue:slovaque
Publié: Bratislava [2017]
Édition:1. vydanie
Sujets:
Tags: Ajouter un tag
Pas de tags, Soyez le premier à ajouter un tag!

MARC

LEADER 00000nam a2200000 4500
001 0241395
005 20240722113024.2
041 0 |a slo 
044 |a SK 
245 1 0 |a Sociálno-ekonomické aspekty deindustralizácie  |b správa o výsledkoch riešenia projektov za rok 2017: projekty mladých učiteľov, vedeckých pracovníkov a doktorandov v dennej forme štúdia na Ekonomickej univerzite v Bratislave : rok riešenia projektu: 2017  |c zodpovedný riešiteľ: Richard Kališ, spoluriešitelia: Erika Stracová, Juraj Bronček ; posudzovatelia: Viera Kubičková, Karol Frank 
250 |a 1. vydanie 
264 1 |a Bratislava  |c [2017] 
300 |a 2 s.  |e 8 príloh 
610 2 0 |a industrializácia 
610 2 0 |a hodnota pridaná 
610 2 0 |a zamestnanosť 
610 2 0 |a deindustralizácia 
610 2 0 |a OECD 
610 2 0 |a Čína 
100 1 |a Kališ, Richard, 1991- 
700 1 |a Stracová, Erika, 1993- 
700 1 |a Bronček, Juraj 
700 1 |a Kubičková, Viera, 1970- 
700 1 |a Frank, Karol